Search the Library Catalogue
| 000 -LEADER | |
|---|---|
| fixed length control field | 01049nam a22001817a 4500 |
| 008 - FIXED-LENGTH DATA ELEMENTS--GENERAL INFORMATION | |
| fixed length control field | 260329b |||||||| |||| 00| 0 eng d |
| 020 ## - INTERNATIONAL STANDARD BOOK NUMBER | |
| ISBN | 9780745633824 |
| Paper back/Hardbound | hbk |
| 041 ## - LANGUAGE CODE | |
| Language code of text/sound track or separate title | eng |
| 082 ## - DEWEY DECIMAL CLASSIFICATION NUMBER | |
| Classification number | 303.625 |
| Item number | PED |
| 100 ## - MAIN ENTRY--AUTHOR NAME | |
| Personal name | Pedahzur, Ami |
| 245 ## - TITLE STATEMENT | |
| Title | Suicide Terrorism |
| Statement of responsibility, etc | /Ami Pedahzur |
| 260 ## - PUBLICATION, DISTRIBUTION, ETC. (IMPRINT) | |
| Name of publisher | Polity Pr |
| Year of publication | 2005 |
| 300 ## - PHYSICAL DESCRIPTION | |
| Number of Pages | 261p,; |
| Dimensions | 18 cm. |
| 504 ## - BIBLIOGRAPHY, ETC. NOTE | |
| Bibliography, etc | Includes index |
| 520 ## - SUMMARY, ETC. | |
| Summary, etc | Suicide terrorism in its modern form made its first appearance in Lebanon in the early 1980s. Over the last quarter century, terrorist attacks perpetrated by suicide bombers have spread to many corners of the world and have become a major threat for both the governments and citizens of numerous countries. Can this devastating phenomenon be attributed to a specific religion or culture? What are the causes and motivations that lead ordinary people to embark upon suicide attacks? How are potential bombers trained for their mission? And is it possible for democratic governments to effectively cope with this challenge? |
| 942 ## - ADDED ENTRY ELEMENTS (KOHA) | |
| Koha item type | English Books |
| Withdrawn status | Lost status | Damaged status | Not for loan | Home library | Current library | Shelving location | Date acquired | Full call number | Accession Number | Price effective from | Koha item type |
|---|---|---|---|---|---|---|---|---|---|---|---|
| Anna Centenary Library | Anna Centenary Library | 3RD FLOOR, B WING | 29.03.2026 | 303.625 PED | 135523 | 29.03.2026 | English Books |